| 000 | 00000nam 2200000zi 4500 |
| 001 | 9.937188 |
| 003 | CaOODSP |
| 005 | 20240419130043 |
| 006 | m o d f |
| 007 | cr cn||||||||| |
| 008 | 240419s2020 onca o f000 0 eng d |
| 040 | |aCaOODSP|beng|erda|cCaOODSP |
| 043 | |an-cn-on |
| 086 | 1 |aIu96-18/2021-1E-PDF |
| 245 | 00|aFinal evaluation : |bSouthern Ontario Prosperity Program. |
| 246 | 10|aSouthern Ontario Prosperity Program |
| 264 | 1|a[Waterloo, Ontario] : |bFederal Economic Development Agency for Southern Ontario, |c[2020] |
| 300 | |a1 online resource (1 unnumbered page) : |billustrations |
| 336 | |atext|btxt|2rdacontent |
| 337 | |acomputer|bc|2rdamedia |
| 338 | |aonline resource|bcr|2rdacarrier |
| 500 | |aCaption title. |
| 500 | |aIssued also in French under title: Évaluation finale : Programme pour la prospérité du sud de l'Ontario. |
| 520 | |a"This evaluation addressed the core issues of relevance and performance identified in the Treasury Board Policy on Results. This evaluation covered the five-year period from 2014-15 to 2018-19"--Purpose. |
| 650 | 0|aEconomic development|zOntario, Southern. |
| 650 | 0|aEconomic assistance, Domestic|zOntario, Southern. |
| 710 | 2 |aFederal Economic Development Agency for Southern Ontario (Canada), |eissuing body. |
| 775 | 08|tÉvaluation finale : |w(CaOODSP)9.937191 |
| 856 | 40|qPDF|s345 KB|uhttps://publications.gc.ca/collections/collection_2024/feddevontario/Iu96-18-2021-1-eng.pdf |
| 856 | 4 |qHTML|sN/A|uhttps://feddev-ontario.canada.ca/en/transparency/audits-and-evaluations/final-evaluation-southern-ontario-prosperity-program/final-evaluation-southern-ontario-prosperity-program |